[Event "Aeroflot Open 2015"]
[Site "Moscú RUS"]
[Date "2015.03.30"]
[Round "4.15"]
[White "Ernst, Sipke"]
[Black "Petrosian, Tigran L"]
[Result "0-1"]
[WhiteElo "2530"]
[BlackElo "2671"]
[PlyCount "120"]
[EventDate "2015.03.27"]
[EventType "swiss"]
[EventRounds "9"]
[EventCountry "RUS"]
[Source "lmi"]
[SourceDate "2015.03.27"]

1. d4 d6 2. Nf3 g6 3. c4 f5 4. g3 Bg7 5. Nc3 Nf6 6. Bg2 O-O 7. O-O c6 8. d5 e5
9. dxe6 Bxe6 10. Qd3 Na6 11. Bf4 Ne8 12. b3 Qf6 13. Rac1 h6 14. h4 Kh7 15. Rfd1
Nc5 16. Qe3 Bg8 17. Bxd6 Nxd6 18. Qxc5 Rfd8 19. e3 a5 20. Qa3 b5 21. cxb5 cxb5
22. Rxd6 Qxd6 23. Qxd6 Rxd6 24. Nxb5 Rdd8 25. Nfd4 Rac8 26. Rxc8 Rxc8 27. Nc6
Be6 28. Nd6 Rc7 29. Ne8 Rd7 30. Nxg7 Rd1+ 31. Kh2 Kxg7 32. Nxa5 Rd2 33. Kg1
Rxa2 34. b4 Rb2 35. Nc6 Kf6 36. Bf3 Bc4 37. Kg2 Bd3 38. Bd5 g5 39. hxg5+ hxg5
40. Kg1 g4 41. Kg2 Ba6 42. e4 Rd2 43. e5+ Kg6 44. Ne7+ Kg5 45. Bc6 Be2 46. b5
Rb2 47. e6 Bxb5 48. Bxb5 Rxb5 49. Nc6 Kf6 50. e7 Kf7 51. f3 Rc5 52. Nb4 Kxe7
53. fxg4 fxg4 54. Nd3 Rc2+ 55. Nf2 Ke6 56. Kf1 Kf5 57. Kg1 Rc3 58. Kg2 Ra3 59.
Kh2 Ra4 60. Kg2 Ke5 0-1

[Event "Aeroflot Open 2015"]
[Site "Moscú RUS"]
[Date "2015.03.30"]
[Round "4.16"]
[White "Sjugirov, Sanan"]
[Black "Grigoriants, Sergey"]
[Result "1/2-1/2"]
[WhiteElo "2669"]
[BlackElo "2573"]
[PlyCount "81"]
[EventDate "2015.03.27"]
[EventType "swiss"]
[EventRounds "9"]
[EventCountry "RUS"]
[Source "lmi"]
[SourceDate "2015.03.27"]

1. d4 Nf6 2. c4 e6 3. Nc3 Bb4 4. Nf3 b6 5. e3 Bb7 6. Bd3 O-O 7. O-O c5 8. Na4
cxd4 9. exd4 Be7 10. Bf4 d6 11. Rc1 Nbd7 12. a3 Re8 13. Re1 g6 14. h3 Bf8 15.
Bh2 Nh5 16. Bf1 Bh6 17. Rc2 Bf4 18. Bxf4 Nxf4 19. g3 Nh5 20. Nc3 Ng7 21. b4 Nf6
22. Bg2 Rc8 23. Qd3 Nf5 24. g4 Ng7 25. d5 exd5 26. Rxe8+ Ngxe8 27. cxd5 Nxd5
28. Nxd5 Rxc2 29. Qxc2 Bxd5 30. Nd4 Bxg2 31. Kxg2 d5 32. Qc6 Nc7 33. Kf1 Qe7
34. Qb7 Qe4 35. Qxa7 Qh1+ 36. Ke2 Qe4+ 37. Kf1 Qxd4 38. Qxc7 Kg7 39. a4 Qxb4
40. Qe5+ Kg8 41. Qxd5 1/2-1/2

[Event "Aeroflot Open 2015"]
[Site "Moscú RUS"]
[Date "2015.03.30"]
[Round "4.17"]
[White "Motylev, Alexander"]
[Black "Yilmaz, Mustafa"]
[Result "1-0"]
[WhiteElo "2653"]
[BlackElo "2570"]
[PlyCount "99"]
[EventDate "2015.03.27"]
[EventType "swiss"]
[EventRounds "9"]
[EventCountry "RUS"]
[Source "lmi"]
[SourceDate "2015.03.27"]

1. e4 c5 2. Nf3 d6 3. d4 cxd4 4. Nxd4 Nf6 5. Nc3 a6 6. h3 e6 7. g4 Nfd7 8. Nce2
b5 9. Bg2 Bb7 10. c3 Be7 11. Ng3 Nc6 12. O-O O-O 13. a4 bxa4 14. Qxa4 Nc5 15.
Qc2 a5 16. Be3 a4 17. Rad1 Ne5 18. Ndf5 exf5 19. Bxc5 Qc7 20. Bb4 fxg4 21. hxg4
Nxg4 22. Nf5 Rfd8 23. Qd3 Bf8 24. Qg3 h5 25. f3 Ne5 26. Rxd6 Rxd6 27. Bxd6 Qb6+
28. Kh1 Ng6 29. e5 Qxb2 30. e6 fxe6 31. Qxg6 exf5 32. Qe6+ Kh8 33. Be5 Qd2 34.
Bh3 Qd5 35. Qxf5 Kg8 36. Qxh5 Ra6 37. c4 Qxc4 38. Bxg7 Bxg7 39. Qe8+ Kh7 40.
Bf5+ Kh6 41. Qe3+ Kh5 42. Rf2 Bf6 43. Rg2 Qh4+ 44. Rh2 a3 45. Qf4 Qxh2+ 46.
Kxh2 Be7 47. Be6 Bg5 48. Qf7+ Kh6 49. f4 Bh4 50. Bf5 1-0

[Event "Aeroflot Open 2015"]
[Site "Moscú RUS"]
[Date "2015.03.30"]
[Round "4.18"]
[White "Mozharov, Mikhail"]
[Black "Khismatullin, Denis"]
[Result "1/2-1/2"]
[WhiteElo "2555"]
[BlackElo "2650"]
[PlyCount "77"]
[EventDate "2015.03.27"]
[EventType "swiss"]
[EventRounds "9"]
[EventCountry "RUS"]
[Source "lmi"]
[SourceDate "2015.03.27"]

1. Nf3 d5 2. d4 Nf6 3. c4 e6 4. Nc3 Nbd7 5. Bg5 c6 6. cxd5 exd5 7. e3 h6 8. Bh4
g5 9. Bg3 Nh5 10. Bd3 Nxg3 11. hxg3 Bg7 12. Qc2 Nb6 13. O-O Be6 14. a4 a5 15.
Ne5 g4 16. Bf5 Bxe5 17. Bxe6 fxe6 18. dxe5 Nc4 19. Ne4 Qe7 20. Nf6+ Kd8 21. Qc3
Qb4 22. Qd4 h5 23. b3 Nd2 24. Rfd1 Nxb3 25. Qd3 Nxa1 26. Rxa1 Kc8 27. Qg6 Qe7
28. Rb1 Kb8 29. Qd3 Ra7 30. e4 Ka8 31. exd5 cxd5 32. Rb6 Rc8 33. Rd6 Rd8 34.
Qh7 Qf8 35. Nd7 Qe8 36. Nb6+ Kb8 37. Nd7+ Ka8 38. Nb6+ Kb8 39. Nd7+ 1/2-1/2

[Event "Aeroflot Open 2015"]
[Site "Moscú RUS"]
[Date "2015.03.30"]
[Round "4.19"]
[White "Iturrizaga Bonelli, Eduardo"]
[Black "Wagner, Dennis"]
[Result "0-1"]
[WhiteElo "2630"]
[BlackElo "2549"]
[PlyCount "52"]
[EventDate "2015.03.27"]
[EventType "swiss"]
[EventRounds "9"]
[EventCountry "RUS"]
[Source "lmi"]
[SourceDate "2015.03.27"]

1. Nf3 c5 2. c4 Nc6 3. Nc3 g6 4. g3 Bg7 5. Bg2 d6 6. a3 Bf5 7. d3 Nf6 8. Bd2
O-O 9. b4 Qd7 10. h3 Nd4 11. Nh4 Be6 12. e3 Nc6 13. b5 Ne5 14. Qe2 g5 15. Nf3
Nxf3+ 16. Bxf3 d5 17. h4 g4 18. Bg2 Rad8 19. Rd1 dxc4 20. dxc4 Qd3 21. Qxd3
Rxd3 22. Bf1 Rd7 23. e4 Rfd8 24. e5 Nh5 25. Ne4 b6 26. Be2 Bf5 0-1

[Event "Aeroflot Open 2015"]
[Site "Moscú RUS"]
[Date "2015.03.30"]
[Round "4.20"]
[White "Anton Guijarro, David"]
[Black "Predke, Alexandr"]
[Result "1-0"]
[WhiteElo "2614"]
[BlackElo "2530"]
[PlyCount "63"]
[EventDate "2015.03.27"]
[EventType "swiss"]
[EventRounds "9"]
[EventCountry "RUS"]
[Source "lmi"]
[SourceDate "2015.03.27"]

1. e4 e5 2. Nf3 Nc6 3. Bb5 a6 4. Ba4 Nf6 5. O-O b5 6. Bb3 Bc5 7. a4 Rb8 8. axb5
axb5 9. Nxe5 Nxe5 10. d4 Bxd4 11. Qxd4 d6 12. f4 Nc6 13. Qc3 Bb7 14. e5 Ne4 15.
Qe1 Ne7 16. Nc3 Nc5 17. f5 Nxb3 18. cxb3 b4 19. Na4 dxe5 20. Qxe5 O-O 21. Nc5
Bd5 22. Bf4 Rb5 23. Rac1 Nc6 24. Qe3 Na5 25. Qg3 c6 26. Bd6 Re8 27. f6 g6 28.
Rce1 Nb7 29. Nxb7 Rxb7 30. Qf4 Rxe1 31. Rxe1 Be6 32. Qh6 1-0

[Event "Aeroflot Open 2015"]
[Site "Moscú RUS"]
[Date "2015.03.30"]
[Round "4.22"]
[White "Salem, A.R. Saleh"]
[Black "Idani, Pouya"]
[Result "1/2-1/2"]
[WhiteElo "2603"]
[BlackElo "2496"]
[PlyCount "154"]
[EventDate "2015.03.27"]
[EventType "swiss"]
[EventRounds "9"]
[EventCountry "RUS"]
[Source "lmi"]
[SourceDate "2015.03.27"]

1. e4 c5 2. Nf3 d6 3. d4 cxd4 4. Nxd4 Nf6 5. Nc3 a6 6. Be2 e5 7. Nb3 Be7 8. Be3
Be6 9. Nd5 Nxd5 10. exd5 Bf5 11. Qd2 Nd7 12. Na5 Qc8 13. c4 Bd8 14. O-O O-O 15.
Rac1 Nc5 16. Qc3 Bb6 17. Qa3 Bxa5 18. Qxa5 Bd3 19. Bxc5 Bxe2 20. Rfe1 Qxc5 21.
Qxc5 dxc5 22. Rxe2 f6 23. g3 Rfe8 24. Re3 Rab8 25. Ra3 Red8 26. Rcc3 Rd6 27.
Rab3 b6 28. a4 a5 29. Rb5 Ra8 30. Rcb3 Ra6 31. f4 exf4 32. gxf4 f5 33. Re3 Kf7
34. Re5 g6 35. Rb3 Ra7 36. Rh3 Kf8 37. Kf2 Rb7 38. Rhe3 Rbd7 39. Kg3 Kf7 40.
Kh4 h6 41. Kg3 Rc7 42. Kf3 Rcd7 43. Re8 g5 44. R3e5 Rb7 45. Kg3 Rg6 46. Kf3
gxf4 47. R8e6 Rg1 48. Re1 Rg4 49. Rxh6 Kg7 50. Rhe6 Rh4 51. Rg1+ Kh7 52. d6
Rh3+ 53. Kxf4 Rxh2 54. Rg3 Rb8 55. b3 Rd8 56. Rd3 Kg7 57. d7 Kf7 58. Rxb6 Ke7
59. Rbd6 Rf2+ 60. Ke3 Rh2 61. R6d5 Kf6 62. Rxc5 Rh3+ 63. Kd2 Rxd3+ 64. Kxd3
Rxd7+ 65. Ke2 Ra7 66. Kf2 Kg5 67. Rd5 Rb7 68. Rb5 Ra7 69. c5 Kf4 70. c6 Rc7 71.
Rc5 Ke4 72. Kg3 f4+ 73. Kf2 f3 74. Rc3 Kd4 75. Rxf3 Rxc6 76. Rf5 Rc2+ 77. Kf3
Rc3+ 1/2-1/2

[Event "Aeroflot Open 2015"]
[Site "Moscú RUS"]
[Date "2015.03.30"]
[Round "4.23"]
[White "Gabuzyan, Hovhannes"]
[Black "Goganov, Aleksey"]
[Result "1-0"]
[WhiteElo "2553"]
[BlackElo "2598"]
[PlyCount "97"]
[EventDate "2015.03.27"]
[EventType "swiss"]
[EventRounds "9"]
[EventCountry "RUS"]
[Source "lmi"]
[SourceDate "2015.03.27"]

1. c4 c5 2. Nc3 Nc6 3. g3 g6 4. Bg2 Bg7 5. Nf3 e6 6. d3 Nge7 7. h4 d5 8. cxd5
exd5 9. h5 Bf5 10. Bg5 h6 11. Bxe7 Nxe7 12. hxg6 fxg6 13. Qd2 d4 14. Ne4 Rc8
15. Rc1 b6 16. Qc2 Qd7 17. Nfd2 O-O 18. Nc4 Be6 19. Qd2 g5 20. Kf1 Nf5 21. Kg1
b5 22. Na5 c4 23. Qb4 c3 24. Kh2 Qf7 25. Rhe1 Bd5 26. Rf1 a6 27. Kg1 cxb2 28.
Rxc8 Rxc8 29. Qxb2 Bxa2 30. Nb7 Qb3 31. Qxb3+ Bxb3 32. Nbc5 Bf7 33. Bh3 Bg6 34.
Ra1 Rc6 35. Nxa6 Bf8 36. Nb8 Rc7 37. Nd7 Be7 38. Ra6 Kg7 39. Ne5 Bh7 40. Rb6 b4
41. Nc6 Kf7 42. Nxe7 Rc1+ 43. Kg2 Nxe7 44. Nd6+ Kg7 45. Rxb4 h5 46. Be6 Re1 47.
Rb7 Kf6 48. Bc4 Rxe2 49. Ne8+ 1-0

[Event "Aeroflot Open 2015"]
[Site "Moscú RUS"]
[Date "2015.03.30"]
[Round "4.24"]
[White "Bok, Benjamin"]
[Black "Vishnu Prasanna, V."]
[Result "1/2-1/2"]
[WhiteElo "2587"]
[BlackElo "2477"]
[PlyCount "34"]
[EventDate "2015.03.27"]
[EventType "swiss"]
[EventRounds "9"]
[EventCountry "RUS"]
[Source "lmi"]
[SourceDate "2015.03.27"]

1. e4 e5 2. Nf3 Nc6 3. Bc4 Bc5 4. O-O Nf6 5. d3 a6 6. c3 d6 7. Nbd2 O-O 8. Bb3
h6 9. Re1 Be6 10. Bxe6 fxe6 11. b4 Ba7 12. a4 Qd7 13. Nb3 Rf7 14. b5 Ne7 15.
bxa6 bxa6 16. d4 Nc6 17. h3 Rb8 1/2-1/2

[Event "Aeroflot Open 2015"]
[Site "Moscú RUS"]
[Date "2015.03.30"]
[Round "4.25"]
[White "Can, Emre"]
[Black "Matlakov, Maxim"]
[Result "1/2-1/2"]
[WhiteElo "2555"]
[BlackElo "2693"]
[PlyCount "80"]
[EventDate "2015.03.27"]
[EventType "swiss"]
[EventRounds "9"]
[EventCountry "RUS"]
[Source "lmi"]
[SourceDate "2015.03.27"]

1. d4 d5 2. c4 c6 3. Nf3 Nf6 4. Nc3 e6 5. Bg5 h6 6. Bxf6 Qxf6 7. Qb3 Nd7 8. e3
g6 9. Bd3 Bg7 10. O-O O-O 11. Rad1 dxc4 12. Bxc4 Qe7 13. Qc2 Rd8 14. Rfe1 c5
15. a3 a6 16. a4 cxd4 17. exd4 Qb4 18. Ba2 Nf6 19. d5 exd5 20. Nxd5 Nxd5 21.
Rxd5 Rf8 22. Qb3 Qxb3 23. Bxb3 Bxb2 24. Nd4 Kg7 25. h3 Rb8 26. Re7 b5 27. axb5
Bxd4 28. Rxd4 Rxb5 29. Ba2 g5 30. Rd5 Kf6 31. Ra7 h5 32. Bc4 Rb1+ 33. Kh2 Rb4
34. Rc5 Bb7 35. Bxa6 Be4 36. Rc4 Rfb8 37. Rac7 Bd5 38. Rxb4 Rxb4 39. Rc2 h4 40.
Be2 Rb6 1/2-1/2

[Event "Aeroflot Open 2015"]
[Site "Moscú RUS"]
[Date "2015.03.30"]
[Round "4.26"]
[White "Savchenko, Boris"]
[Black "Oparin, Grigoriy"]
[Result "1/2-1/2"]
[WhiteElo "2581"]
[BlackElo "2562"]
[PlyCount "87"]
[EventDate "2015.03.27"]
[EventType "swiss"]
[EventRounds "9"]
[EventCountry "RUS"]
[Source "lmi"]
[SourceDate "2015.03.27"]

1. c4 e6 2. Nf3 d5 3. d4 Nf6 4. Nc3 Be7 5. cxd5 exd5 6. Bg5 c6 7. e3 Bf5 8. Nd2
O-O 9. Be2 Re8 10. g4 Be6 11. h4 c5 12. Nb3 cxd4 13. Nxd4 Nc6 14. Nxe6 fxe6 15.
Qb3 Nd7 16. Qxb7 Rc8 17. Rd1 Nc5 18. Qb5 h6 19. Qxc5 hxg5 20. Qb5 gxh4 21. a3
Bf6 22. Nxd5 exd5 23. Rxd5 Qb6 24. g5 Bxb2 25. Rxh4 Ne5 26. Kf1 Qxb5 27. Rxb5
Bxa3 28. Ra4 Rc1+ 29. Kg2 Bc5 30. Re4 Kf8 31. Rb7 g6 32. Bb5 Re6 33. Rb8+ Kg7
34. Rb7+ Kf8 35. f4 Rc2+ 36. Kg3 Bd6 37. Rxa7 Rc5 38. Bd3 Re7 39. Ra8+ Kg7 40.
fxe5 Rexe5 41. Rd4 Rxg5+ 42. Kf3 Rcd5 43. Ra7+ Kf6 44. Ra6 1/2-1/2

[Event "Aeroflot Open 2015"]
[Site "Moscú RUS"]
[Date "2015.03.30"]
[Round "4.27"]
[White "Svane, Rasmus"]
[Black "Esen, Baris"]
[Result "1-0"]
[WhiteElo "2509"]
[BlackElo "2571"]
[PlyCount "63"]
[EventDate "2015.03.27"]
[EventType "swiss"]
[EventRounds "9"]
[EventCountry "RUS"]
[Source "lmi"]
[SourceDate "2015.03.27"]

1. d4 Nf6 2. c4 e6 3. Nc3 Bb4 4. Qc2 d5 5. a3 Bxc3+ 6. Qxc3 c5 7. dxc5 d4 8.
Qg3 Nc6 9. Nf3 e5 10. e4 O-O 11. Bd3 Nd7 12. b4 a5 13. Rb1 axb4 14. axb4 Ra4
15. Bh6 g6 16. Bxf8 Qxf8 17. O-O Nxb4 18. Nxe5 Nxc5 19. Be2 Nxe4 20. Qf4 Nc3
21. Rb2 f6 22. Ng4 Nc6 23. Bf3 Rxc4 24. Re1 f5 25. Re8 Qxe8 26. Nf6+ Kf7 27.
Nxe8 Kxe8 28. h4 Nd8 29. Qe5+ Ne6 30. Rxb7 d3 31. Qd6 Ne2+ 32. Bxe2 1-0

[Event "Aeroflot Open 2015"]
[Site "Moscú RUS"]
[Date "2015.03.30"]
[Round "4.28"]
[White "Sandipan, Chanda"]
[Black "Batchuluun, Tsegmed"]
[Result "1/2-1/2"]
[WhiteElo "2569"]
[BlackElo "2499"]
[PlyCount "109"]
[EventDate "2015.03.27"]
[EventType "swiss"]
[EventRounds "9"]
[EventCountry "RUS"]
[Source "lmi"]
[SourceDate "2015.03.27"]

1. d4 Nf6 2. c4 e6 3. Nc3 Bb4 4. e3 O-O 5. Bd2 c5 6. a3 Bxc3 7. Bxc3 Ne4 8. Rc1
d6 9. Nf3 b6 10. Bd3 Nxc3 11. Rxc3 Bb7 12. O-O Nd7 13. b4 Qf6 14. Be2 Rfd8 15.
Qb3 Rab8 16. Rd1 Qe7 17. Qa4 a6 18. Qc2 Nf6 19. Rb3 Bc6 20. Rb2 Qc7 21. Ne1 a5
22. f3 axb4 23. axb4 Ra8 24. Qb1 h6 25. Rc1 Ra3 26. Nd3 Rda8 27. Qc2 Nd7 28.
Qd2 Ra1 29. Rbc2 R8a3 30. Rxa1 Rxa1+ 31. Rc1 Qa7 32. dxc5 dxc5 33. b5 Bb7 34.
Rxa1 Qxa1+ 35. Ne1 Kf8 36. Qd6+ Ke8 37. Kf2 Qe5 38. Qxe5 Nxe5 39. f4 Nd7 40.
Bf3 Bxf3 41. Kxf3 f5 42. e4 Nf6 43. exf5 exf5 44. Nc2 Ne4 45. Ne3 Nd6 46. Kf2
Kf7 47. Ke2 Ke6 48. g3 g5 49. fxg5 hxg5 50. Kd3 Ke5 51. h4 gxh4 52. gxh4 f4 53.
Nd5 Nxb5 54. Nxb6 Nd6 55. Nd7+ 1/2-1/2

[Event "Aeroflot Open 2015"]
[Site "Moscú RUS"]
[Date "2015.03.30"]
[Round "4.30"]
[White "Stupak, Kirill"]
[Black "Ankit, R. Rajpara"]
[Result "1-0"]
[WhiteElo "2567"]
[BlackElo "2477"]
[PlyCount "87"]
[EventDate "2015.03.27"]
[EventType "swiss"]
[EventRounds "9"]
[EventCountry "RUS"]
[Source "lmi"]
[SourceDate "2015.03.27"]

1. d4 d5 2. Nf3 Nf6 3. g3 c6 4. Bg2 Bf5 5. O-O e6 6. c4 Be7 7. Nc3 h6 8. Qb3
Qb6 9. c5 Qc7 10. Bf4 Qc8 11. Nd2 O-O 12. e4 Bg6 13. Rfe1 Re8 14. exd5 Nxd5 15.
Nxd5 cxd5 16. Qc3 b6 17. Nb3 Nc6 18. Rac1 b5 19. a4 b4 20. Qd2 Bf8 21. Bf1 a6
22. h4 f6 23. Bh3 Bf7 24. Re2 Qd8 25. Rce1 g5 26. hxg5 hxg5 27. Bxe6 Bxe6 28.
Rxe6 Rxe6 29. Rxe6 Qd7 30. Rxf6 gxf4 31. Qxf4 Re8 32. Kg2 Bg7 33. Rd6 Qc8 34.
Qg5 Ne7 35. g4 Qc7 36. f4 Nc8 37. Qxd5+ Kf8 38. Qf5+ Qf7 39. Qxf7+ Kxf7 40.
Rd7+ Kf8 41. Kf3 Ne7 42. f5 Bh6 43. Na5 Ng8 44. Nc4 1-0

[Event "Aeroflot Open 2015"]
[Site "Moscú RUS"]
[Date "2015.03.30"]
[Round "4.31"]
[White "Sanal, Vahap"]
[Black "Kotronias, Vasilios"]
[Result "1-0"]
[WhiteElo "2487"]
[BlackElo "2565"]
[PlyCount "89"]
[EventDate "2015.03.27"]
[EventType "swiss"]
[EventRounds "9"]
[EventCountry "RUS"]
[Source "lmi"]
[SourceDate "2015.03.27"]

1. e4 e5 2. Nf3 Nc6 3. Bb5 Nf6 4. O-O Nxe4 5. d4 Nd6 6. Bxc6 dxc6 7. dxe5 Nf5
8. Qxd8+ Kxd8 9. Rd1+ Ke8 10. Nc3 Ne7 11. h3 Bf5 12. Nd4 Bd7 13. Re1 c5 14.
Ndb5 Kd8 15. e6 Bxb5 16. Nxb5 a6 17. Nc3 Nf5 18. exf7 Bd6 19. Be3 Kd7 20. Bxc5
Bxc5 21. Re5 Bxf2+ 22. Kxf2 Nd6 23. Ne4 Rhf8 24. Nxd6 cxd6 25. Rf5 Rac8 26. c3
Rc5 27. Rf3 Re5 28. Re1 Rxe1 29. Kxe1 Ke6 30. Kd2 Rxf7 31. Rxf7 Kxf7 32. Kd3
Ke6 33. Kd4 h5 34. g3 Ke7 35. Kd5 Kd7 36. a4 Ke7 37. a5 Kd7 38. c4 Ke7 39. g4
hxg4 40. hxg4 Kd7 41. g5 Ke7 42. b3 Kd7 43. b4 Ke7 44. b5 Kd7 45. g6 1-0

[Event "Aeroflot Open 2015"]
[Site "Moscú RUS"]
[Date "2015.03.30"]
[Round "4.32"]
[White "Tregubov, Pavel V"]
[Black "Korobkov, Piotr"]
[Result "1/2-1/2"]
[WhiteElo "2617"]
[BlackElo "2423"]
[PlyCount "52"]
[EventDate "2015.03.27"]
[EventType "swiss"]
[EventRounds "9"]
[EventCountry "RUS"]
[Source "lmi"]
[SourceDate "2015.03.27"]

1. d4 e6 2. c4 b6 3. Nf3 Bb7 4. g3 Bb4+ 5. Nc3 Nf6 6. Bg2 Bxc3+ 7. bxc3 d6 8.
O-O Nbd7 9. Re1 O-O 10. Qc2 Be4 11. Qb3 e5 12. Bh3 Bb7 13. Be3 e4 14. Nh4 Re8
15. Rad1 Nf8 16. c5 Bc8 17. Bxc8 Rxc8 18. c4 d5 19. Bg5 dxc4 20. Bxf6 cxb3 21.
Bxd8 Rcxd8 22. axb3 Ne6 23. cxb6 axb6 24. d5 Nc5 25. b4 Na6 26. Rd4 c5 1/2-1/2

[Event "Aeroflot Open 2015"]
[Site "Moscú RUS"]
[Date "2015.03.30"]
[Round "4.33"]
[White "Al-Sayed, Mohammed"]
[Black "Jumabayev, Rinat"]
[Result "0-1"]
[WhiteElo "2511"]
[BlackElo "2572"]
[PlyCount "52"]
[EventDate "2015.03.27"]
[EventType "swiss"]
[EventRounds "9"]
[EventCountry "RUS"]
[Source "lmi"]
[SourceDate "2015.03.27"]

1. d4 e6 2. c4 b6 3. Nc3 Bb7 4. Qc2 Qf6 5. e3 Bb4 6. Bd2 Qg6 7. Qxg6 hxg6 8. a3
Bxc3 9. Bxc3 Nf6 10. f3 g5 11. e4 g4 12. d5 gxf3 13. gxf3 d6 14. dxe6 fxe6 15.
Nh3 e5 16. Rg1 Bc8 17. Ng5 Nh5 18. O-O-O Ke7 19. b4 Nd7 20. Bd2 Ba6 21. c5 Bxf1
22. cxd6+ cxd6 23. Rgxf1 Nf4 24. Bxf4 exf4 25. Rf2 Ne5 26. Rc2 Rac8 0-1

[Event "Aeroflot Open 2015"]
[Site "Moscú RUS"]
[Date "2015.03.30"]
[Round "4.34"]
[White "Tran, Tuan Minh"]
[Black "Gundavaa, Bayarsaikhan"]
[Result "0-1"]
[WhiteElo "2455"]
[BlackElo "2505"]
[PlyCount "82"]
[EventDate "2015.03.27"]
[EventType "swiss"]
[EventRounds "9"]
[EventCountry "RUS"]
[Source "lmi"]
[SourceDate "2015.03.27"]

1. d4 Nf6 2. c4 e6 3. Nf3 d5 4. Nc3 Bb4 5. Qa4+ Nc6 6. a3 Bxc3+ 7. bxc3 Ne4 8.
Qc2 O-O 9. Bf4 b6 10. e3 Ba6 11. Bd3 Na5 12. cxd5 Bxd3 13. Qxd3 Qxd5 14. O-O f6
15. Rac1 Nc4 16. Bg3 b5 17. Ra1 a5 18. Rfb1 c6 19. Ne1 e5 20. f3 Nxg3 21. hxg3
f5 22. e4 Qd6 23. a4 Na3 24. Rd1 Rad8 25. exf5 exd4 26. cxd4 b4 27. Rac1 Rb8
28. Nc2 b3 29. Nxa3 Qxa3 30. Qc4+ Kh8 31. Ra1 Qd6 32. Rab1 Rb4 33. Qe6 Qb8 34.
Qxc6 Qxg3 35. Qc5 Re8 36. Kf1 Qh4 37. Qxa5 Rc4 38. Kg1 Rc2 39. Rd2 Re1+ 40.
Rxe1 Qxe1+ 41. Kh2 Qh4+ 0-1

[Event "Aeroflot Open 2015"]
[Site "Moscú RUS"]
[Date "2015.03.30"]
[Round "4.35"]
[White "Abdumalik, Zhansaya"]
[Black "Kuderinov, Kirill"]
[Result "1/2-1/2"]
[WhiteElo "2379"]
[BlackElo "2465"]
[PlyCount "91"]
[EventDate "2015.03.27"]
[EventType "swiss"]
[EventRounds "9"]
[EventCountry "RUS"]
[Source "lmi"]
[SourceDate "2015.03.27"]

1. e4 c5 2. Nf3 d6 3. d4 cxd4 4. Nxd4 Nf6 5. Nc3 g6 6. Be3 Bg7 7. f3 O-O 8. Qd2
Nc6 9. O-O-O d5 10. exd5 Nxd5 11. Nxc6 bxc6 12. Bd4 Nxc3 13. Qxc3 Bh6+ 14. Be3
Bxe3+ 15. Qxe3 Qb6 16. Re1 Be6 17. h4 Rab8 18. b3 Rfd8 19. Qc3 Qd4 20. Qxd4
Rxd4 21. h5 Kg7 22. Re5 Rd5 23. Rxd5 cxd5 24. c3 Bd7 25. Bd3 e5 26. Re1 Re8 27.
hxg6 hxg6 28. c4 dxc4 29. Bxc4 Kf6 30. Kc2 Be6 31. Bxe6 Rxe6 32. b4 Kf5 33. a4
e4 34. g4+ Kf4 35. Rxe4+ Rxe4 36. fxe4 f5 37. gxf5 gxf5 38. exf5 Kxf5 39. Kc3
Ke5 40. Kc4 Kd6 41. Kb5 Kc7 42. Kc5 Kd7 43. Kb5 Kc7 44. Ka6 Kb8 45. Ka5 Kb7 46.
Kb5 1/2-1/2

[Event "Aeroflot Open 2015"]
[Site "Moscú RUS"]
[Date "2015.03.30"]
[Round "4.36"]
[White "Asgarizadeh, Ahmad"]
[Black "Tabatabaei, M.amin"]
[Result "1/2-1/2"]
[WhiteElo "2412"]
[BlackElo "2448"]
[PlyCount "58"]
[EventDate "2015.03.27"]
[EventType "swiss"]
[EventRounds "9"]
[EventCountry "RUS"]
[Source "lmi"]
[SourceDate "2015.03.27"]

1. e4 c5 2. Nf3 d6 3. d4 cxd4 4. Nxd4 Nf6 5. Nc3 a6 6. Bg5 e6 7. f4 Be7 8. Qf3
Qc7 9. O-O-O Nbd7 10. g4 b5 11. Bxf6 Nxf6 12. g5 Nd7 13. f5 O-O 14. Qh5 b4 15.
Rd3 bxc3 16. Rxc3 Qb6 17. Nc6 Bf6 18. e5 g6 19. Qh4 Bxe5 20. Ne7+ Kh8 21. fxg6
fxg6 22. Nxg6+ Kg8 23. Ne7+ Kh8 24. Ng6+ Kg8 25. Ne7+ Kh8 26. Ng6+ Kg7 27. Qh6+
Kg8 28. Ne7+ Kh8 29. Ng6+ Kg8 1/2-1/2

[Event "Aeroflot Open 2015"]
[Site "Moscú RUS"]
[Date "2015.03.31"]
[Round "5.1"]
[White "Sasikiran, Krishnan"]
[Black "Van Foreest, Jorden"]
[Result "1/2-1/2"]
[WhiteElo "2682"]
[BlackElo "2493"]
[PlyCount "57"]
[EventDate "2015.03.27"]
[EventType "swiss"]
[EventRounds "9"]
[EventCountry "RUS"]
[Source "lmi"]
[SourceDate "2015.03.27"]

1. d4 d5 2. c4 c6 3. Nf3 Nf6 4. e3 Bg4 5. h3 Bh5 6. Nc3 e6 7. Qb3 Qb6 8. Ne5
Nfd7 9. Nd3 Bg6 10. Qd1 h6 11. Nf4 Bh7 12. Nh5 Qd8 13. Bd3 Bxd3 14. Qxd3 g6 15.
Nf4 Bg7 16. Nxe6 fxe6 17. Qxg6+ Kf8 18. Qxe6 Nf6 19. e4 dxe4 20. Bf4 Ne8 21.
O-O-O Qe7 22. Qxe4 Qxe4 23. Nxe4 Nd7 24. Rhe1 Rd8 25. b3 Kf7 26. Ng3 Nf8 27.
Nf5 Ne6 28. Be3 Bf8 29. g4 1/2-1/2

[Event "Aeroflot Open 2015"]
[Site "Moscú RUS"]
[Date "2015.03.31"]
[Round "5.5"]
[White "Zvjaginsev, Vadim"]
[Black "Bukavshin, Ivan"]
[Result "1/2-1/2"]
[WhiteElo "2658"]
[BlackElo "2618"]
[PlyCount "45"]
[EventDate "2015.03.27"]
[EventType "swiss"]
[EventRounds "9"]
[EventCountry "RUS"]
[Source "lmi"]
[SourceDate "2015.03.27"]

1. e4 c5 2. c3 d5 3. exd5 Qxd5 4. d4 Nf6 5. Nf3 e6 6. Be2 Nc6 7. O-O cxd4 8.
Nxd4 Nxd4 9. cxd4 Be7 10. Nc3 Qd6 11. Bf3 O-O 12. g3 Rd8 13. Be3 Qb6 14. Qb3
Qxb3 15. axb3 a6 16. Rfc1 Rb8 17. d5 exd5 18. Bb6 Re8 19. Bc7 Ra8 20. Nxd5 Nxd5
21. Bxd5 Bf6 22. Re1 Rxe1+ 23. Rxe1 1/2-1/2

[Event "Aeroflot Open 2015"]
[Site "Moscú RUS"]
[Date "2015.03.31"]
[Round "5.7"]
[White "Petrosian, Tigran L"]
[Black "Svetushkin, Dmitry"]
[Result "1-0"]
[WhiteElo "2671"]
[BlackElo "2592"]
[PlyCount "156"]
[EventDate "2015.03.27"]
[EventType "swiss"]
[EventRounds "9"]
[EventCountry "RUS"]
[Source "lmi"]
[SourceDate "2015.03.27"]

1. Nf3 d5 2. g3 Nf6 3. Bg2 e6 4. O-O Be7 5. d3 O-O 6. Nbd2 c5 7. e4 Nc6 8. Re1
b5 9. a4 b4 10. exd5 exd5 11. d4 h6 12. dxc5 Bxc5 13. Nb3 Bb6 14. Be3 Bf5 15.
Bxb6 Qxb6 16. a5 Qc7 17. Nfd4 Be4 18. Qd2 Rab8 19. f3 Bg6 20. Qf4 Rfc8 21. Qxc7
Rxc7 22. Re2 Nxd4 23. Nxd4 Rc4 24. Rd2 Rc5 25. Bf1 Nd7 26. Re1 Kf8 27. Rde2 Nf6
28. Rd2 Ne8 29. g4 Nc7 30. h4 Re8 31. Rxe8+ Kxe8 32. h5 Bh7 33. a6 Kd7 34. Kf2
Ra5 35. c3 bxc3 36. bxc3 Bb1 37. Ke3 Ra2 38. Rd1 Rb2 39. c4 Kd6 40. Nb5+ Nxb5
41. Rxd5+ Kc6 42. Rxb5 Rxb5 43. cxb5+ Kc5 44. Bc4 Bc2 45. Bxf7 Kxb5 46. Bg6 Bd1
47. Bd3+ Kc5 48. Kf4 Kd6 49. Ke4 Ke6 50. Bc4+ Kd6 51. Kf4 Kc5 52. Bf1 Kd5 53.
Bd3 Kd6 54. Ke3 Kd5 55. Be2 Bc2 56. Kd2 Ba4 57. Kc3 Bc6 58. Kd3 Ba4 59. Ke3 Bc2
60. f4 Kd6 61. Bf3 Ba4 62. Kd2 Bb5 63. Be2 Ba4 64. Kd3 Bb5+ 65. Ke3 Ba4 66. Ke4
Bc2+ 67. Bd3 Bd1 68. Kf5 Ke7 69. Kg6 Kf8 70. g5 hxg5 71. fxg5 Bb3 72. Kh7 Bd1
73. h6 gxh6 74. g6 Bb3 75. Kxh6 Bg8 76. g7+ Ke7 77. Kg6 Kd6 78. Kf6 Kd5 1-0